01529nam a2200301Ia 450000500170000000800410001702000180005810000190007624500480009525000180014330000480016152003340020965000530054365000510059665000360064765000370068365000410072094200150076126400380077633600270081433700330084133800280087404000350090208400110093799900150094895201330096395201310109620220317000456.0160315s2010 mx a g 000 1 spa  a97860740033761 aRueda, Claudia10aPumcTexto e ilustraciones de Claudia Rueda a1a. edición a26 páginasbilustraciones en colorc16 cm aPUM. PUM. PUM. PUM... ¿Qué es eso que se está acercando y que sólo deja como huellas las finas estampas de unos estrafalarios animales de la selva? Una nueva obra que demuestra el gran talento de la autora e ilustradora colombiana Claudia Rueda para narrar historias con un delicado equilibrio entre palabras e imágenes.142LEMBaÁlbumes infantiles colombianosySiglo XX142LEMBaLiteratura infantil colombianaySiglo XX142LEMBaAnimales en la literatura142LEMBaElefantes en la literatura142LEMBaLibros ilustrados para niños 2loccBKINF aMéxicobOceano Travesíac2010 atextobtxt2rdacontent asin mediaciónbn2rdamedia avolumenbnc2rdacarrier aCO-BoRNBPbspaerdacCO-BoRNBP aA RUE1 c4152d4152 00102ddc40708INFaMECASARIbMECASARIcREFd2023-03-29l0oARUE1Ej.1pMDA000016r2023-03-29 00:00:00tEj.1w2023-03-29yBKINF 00102ddc40708INFaMEPLLERASbMEPLLERAScLITd2025-09-18l0oA RUE1pPLL00864r2025-09-18 13:43:02tEj.1w2025-09-18yBKINF